Cell Biology : A Short Course /

Contenido: 1) Células y los tejidos; 2) Agua y macromoléculas; 3) Membranas y orgánulos; 4) Estructura del DNA y el código genético; 5) ADN como un medio de almacenamiento de datos; 6) Transcripción y el control de la expresión génica; 7) El ADN recombinante y la ingeniería genética; 8) Proteína man...

תיאור מלא

שמור ב:
מידע ביבליוגרפי
מחברים אחרים: Bolsover, Steven R. (edición) (edición)
פורמט: ספר
שפה:אנגלית
יצא לאור: Hoboken, EUA : Wiley-Blackwell, 2011, c2011
Birmingham, EUA : EBSCOhost [distribución], 2011
מהדורה:3a edición
נושאים:
גישה מקוונת:Ver documento en línea
תגים: הוספת תג
אין תגיות, היה/י הראשונ/ה לתייג את הרשומה!

MARC

LEADER 00000nam^a2200000^a^4500
001 000341158
005 20251023000000.0
009 20260310114516.179
020 |a 978-1-1180-0873-7 
037 |a Acervo ITESO - Biblioteca 
041 |a ING 
082 |a 574. 87  |b CEL 
245 0 0 |a Cell Biology :  |b A Short Course /  |c Ed. de S.R. Bolsover... [et al.]. 
250 |a 3a edición 
264 4 |a Hoboken, EUA :  |b Wiley-Blackwell,  |c 2011, c2011 
264 4 |a Birmingham, EUA :  |b EBSCOhost [distribución],  |c 2011 
300 |a 1 libro electrónico en línea (XIII, 412 p.) 
336 |a datos para computadora  |b cod  |2 rdacontenido 
337 |a computadora  |b c  |2 rdamedio 
338 |a recurso en línea  |b cr  |2 rdasoporte 
506 1 |a 1 licencia 
520 |a Contenido: 1) Células y los tejidos; 2) Agua y macromoléculas; 3) Membranas y orgánulos; 4) Estructura del DNA y el código genético; 5) ADN como un medio de almacenamiento de datos; 6) Transcripción y el control de la expresión génica; 7) El ADN recombinante y la ingeniería genética; 8) Proteína manufacturada; 9) Estructura de las proteínas; 10) Tráfico intracelular de proteínas; 11) ¿Cómo funcionan las proteínas; 12) La demanda de energía dentro de la célula; 13) Metabolismo; 14) Los iones y voltajes; 15) Señalización intracelular; 16) Comunicación intercelular; 17) Moléculas mecánicas; 18) Ciclo celular y el control del número de células en eucariotas; 19) Biología de las células del sistema inmune; 20) Estudio de caso: la fibrosis quística. 
521 |a 2014 BO Licenciatura en Ingeniería en Biotecnología 
649 |a XX 
650 |a Citología -  |x Tema Principal 
650 |a Biología -  |x Teoría 
700 |a Bolsover, Steven R.  |e (edición) 
856 4 0 |u https://ezproxy.iteso.mx/login?url=https://search.ebscohost.com/login.aspx?direct=true&scope=site&db=nlebk&db=nlabk&AN=519909  |y Ver documento en línea 
910 |a Fondo General 
920 |a Electrónicos - Libros en Línea 
930 |a Plataforma Digital 
905 |a 205 
901 |a 341158-1  |b IT2  |c EBO  |i C646  |u 20250521 
901 |a 341158-2  |b IT2  |c EBO  |i C646  |u 20250521 
901 |a 341158-3  |b IT2  |c EBO  |i C646  |u 20250521 
902 |a https://opac.biblio.iteso.mx/vufind/Record/000341158